[Event "IECC O email"]
[Site "IECC email"]
[Date "2003.09.18"]
[Round "?"]
[White "Hubbard, Mark"]
[Black "Padovani, Claudio"]
[Result "1-0"]
[WhiteElo "1132"]
[BlackElo "1200"]
[PlyCount "85"]
[EventDate "2003.??.??"]
[EventType "tourn (corr)"]
[EventRounds "6"]
[SourceTitle "Corr 2008"]
[Source "ChessBase"]
[SourceDate "2008.06.24"]
[SourceVersion "1"]
[SourceVersionDate "2008.06.24"]
[SourceQuality "1"]

1. d4 d5 2. c4 dxc4 3. e4 b5 4. Nc3 a6 5. Nf3 e6 6. Bf4 Nf6 7. Bg5 Be7 8. e5 Nd5 9. Bxe7 Qxe7 10. Qd2 Bb7 11. Be2 Nd7 12. Nxd5 Bxd5 13. 0-0 0-0 14. Rfd1 f6 15. Qe3 Qf7 16. Rac1 Rad8 17. b3 fxe5 18. bxc4 exd4 19. Rxd4 c5 20. Rh4 Bxf3 21. Bxf3 Qf6 22. Re4 Rfe8 23. cxb5 axb5 24. Be2 b4 25. Bc4 Qb2 26. Rxe6 Rf8 27. Re8+ Kh8 28. Rxd8 Rxd8 29. Rd1 Qc2 30. Rxd7 Rg8 31. Bb3 Qf5 32. Qd3 Qxd3 33. Rxd3 Re8 34. g3 h6 35. Bf7 Rc8 36. Bc4 Kh7 37. Kg2 Kg6 38. f4 Kf6 39. Kf3 Rc6 40. Kg4 Kg6 41. Rd7 h5+ 42. Kh4 Kh6 43. h3 1-0

[Event "IECC M email"]
[Site "IECC email"]
[Date "2003.05.05"]
[Round "?"]
[White "Hubbard, Mark"]
[Black "Skoric, Nikola"]
[Result "1-0"]
[WhiteElo "1088"]
[BlackElo "955"]
[PlyCount "47"]
[EventDate "2003.??.??"]
[EventType "tourn (corr)"]
[EventRounds "6"]
[SourceTitle "Corr 2008"]
[Source "ChessBase"]
[SourceDate "2008.06.24"]
[SourceVersion "1"]
[SourceVersionDate "2008.06.24"]
[SourceQuality "1"]

1. d4 d5 2. c4 dxc4 3. Nc3 e5 4. d5 Bb4 5. Qa4+ Bd7 6. Qxb4 Na6 7. Qxb7 Nc5 8. Qb4 Qe7 9. Qxc4 Nf6 10. Be3 Nfe4 11. Nxe4 Nxe4 12. Qxe4 0-0 13. Nf3 f6 14. Rc1 Qd6 15. Bc5 Qa6 16. Bxf8 Rxf8 17. Qc4 Bb5 18. Qb4 Qa4 19. Qxa4 Bxa4 20. Rxc7 Rd8 21. e4 Rb8 22. b3 Be8 23. Rxa7 Rc8 24. Kd2 1-0

[Event "IECC M email"]
[Site "IECC email"]
[Date "2003.03.30"]
[Round "?"]
[White "Hubbard, Mark"]
[Black "Holt, John"]
[Result "1-0"]
[WhiteElo "1064"]
[BlackElo "976"]
[PlyCount "57"]
[EventDate "2003.??.??"]
[EventType "tourn (corr)"]
[EventRounds "6"]
[SourceTitle "Corr 2008"]
[Source "ChessBase"]
[SourceDate "2008.06.24"]
[SourceVersion "1"]
[SourceVersionDate "2008.06.24"]
[SourceQuality "1"]

1. d4 d5 2. c4 Nf6 3. c5 Bf5 4. Bf4 Nc6 5. e3 Bg4 6. Be2 h5 7. Nf3 Ne4 8. Bb5 Qd7 9. h3 Bxf3 10. Qxf3 g5 11. Be5 Rh6 12. Nc3 g4 13. Qe2 a6 14. Ba4 e6 15. Nxe4 dxe4 16. hxg4 b5 17. cxb6 Bb4+ 18. Kf1 cxb6 19. Bf4 Rh7 20. Rxh5 Rxh5 21. gxh5 b5 22. Bc2 f5 23. h6 0-0-0 24. a4 e5 25. dxe5 Qd2 26. Qxd2 Rxd2 27. axb5 Na5 28. bxa6 Bf8 29. Rxa5 1-0

[Event "IECC O email"]
[Site "IECC email"]
[Date "2001.10.23"]
[Round "?"]
[White "Hubbard, Mark"]
[Black "Wilkinson, David"]
[Result "0-1"]
[WhiteElo "1100"]
[BlackElo "1182"]
[PlyCount "106"]
[EventDate "2001.??.??"]
[EventType "tourn (corr)"]
[EventRounds "6"]
[SourceTitle "Corr 2008"]
[Source "ChessBase"]
[SourceDate "2008.06.24"]
[SourceVersion "1"]
[SourceVersionDate "2008.06.24"]
[SourceQuality "1"]

1. e4 e5 2. Nf3 Nc6 3. Bb5 a6 4. Bxc6 dxc6 5. d3 Bg4 6. h3 Bh5 7. g4 Bg6 8. Nxe5 Ne7 9. Nc3 Qd6 10. Bf4 Qd4 11. a3 0-0-0 12. Qd2 f6 13. Nf3 Qc5 14. Qe3 Qxe3+ 15. Bxe3 h5 16. 0-0-0 hxg4 17. hxg4 Rxh1 18. Rxh1 Bf7 19. Nd4 Ng6 20. f4 Bc5 21. Nce2 Rh8 22. Rxh8+ Nxh8 23. Nf5 Bxe3+ 24. Nxe3 Ng6 25. Nf5 Be6 26. Kd2 Kd7 27. Ke3 Nf8 28. Ned4 g6 29. Nxe6 Kxe6 30. Nd4+ Kd6 31. f5 c5 32. Nf3 gxf5 33. gxf5 b5 34. Nh4 Nd7 35. Ng6 a5 36. Nf4 c6 37. d4 cxd4+ 38. Kxd4 Ne5 39. Nh5 c5+ 40. Ke3 Nc4+ 41. Kf4 Ke7 42. b3 Nxa3 43. e5 fxe5+ 44. Kxe5 Nxc2 45. f6+ Kf8 46. Ke6 Nd4+ 47. Kd6 Nxb3 48. Nf4 a4 49. Ke6 Nd4+ 50. Ke5 a3 51. Ng6+ Kf7 52. Nh8+ Ke8 53. f7+ Ke7 0-1

[Event "IECC O email"]
[Site "IECC email"]
[Date "2001.08.26"]
[Round "?"]
[White "Hubbard, Mark"]
[Black "Bartlett, Rod"]
[Result "0-1"]
[WhiteElo "1126"]
[BlackElo "1069"]
[PlyCount "40"]
[EventDate "2001.??.??"]
[EventType "tourn (corr)"]
[EventRounds "6"]
[SourceTitle "Corr 2008"]
[Source "ChessBase"]
[SourceDate "2008.06.24"]
[SourceVersion "1"]
[SourceVersionDate "2008.06.24"]
[SourceQuality "1"]

1. e4 e5 2. Nf3 Nf6 3. Nc3 Bb4 4. Nd5 Nxd5 5. exd5 e4 6. Nd4 c5 7. Nf5 Qf6 8. Qg4 0-0 9. Qxe4 d6 10. Ne3 Bd7 11. c3 Ba5 12. Bd3 g6 13. 0-0 Re8 14. Ng4 Qg5 15. h4 Qxg4 16. Qxg4 Bxg4 17. Bb5 Bd7 18. Bc4 b5 19. Bb3 Bf5 20. Bd1 Bd3 0-1

[Event "IECC O email"]
[Site "IECC email"]
[Date "1999.02.27"]
[Round "?"]
[White "Hubbard, Mark"]
[Black "Snyman, Johann"]
[Result "1/2-1/2"]
[WhiteElo "1084"]
[BlackElo "1058"]
[PlyCount "70"]
[EventDate "1999.??.??"]
[EventType "tourn (corr)"]
[EventRounds "6"]
[SourceTitle "Corr 2008"]
[Source "ChessBase"]
[SourceDate "2008.06.24"]
[SourceVersion "1"]
[SourceVersionDate "2008.06.24"]
[SourceQuality "1"]

1. d4 d5 2. Nc3 Nf6 3. Bg5 Bf5 4. e3 e6 5. Nf3 Be7 6. Bd3 Bxd3 7. Qxd3 0-0 8. 0-0-0 Nc6 9. a3 Ng4 10. Bxe7 Nxe7 11. Rdf1 a5 12. h3 Nf6 13. Ng5 b6 14. e4 h6 15. e5 hxg5 16. exf6 gxf6 17. g4 Ng6 18. Rh2 c5 19. Ne2 Qd6 20. Rfh1 Nf4 21. Qf3 Nxe2+ 22. Qxe2 Qf4+ 23. Qe3 cxd4 24. Qxf4 gxf4 25. Kd2 Kh7 26. h4 Rg8 27. f3 Rac8 28. Rg1 e5 29. g5 fxg5 30. hxg5+ Kg7 31. Rh5 Rh8 32. Rxh8 Rxh8 33. Re1 f6 34. Kd3 Rh3 35. gxf6+ Kxf6 1/2-1/2